000 00590nam a2200181Ia 4500
003 OSt
005 20200730143307.0
008 190216s9999||||xx |||||||||||||| ||und||
020 _a9780070616097
040 _coclc
082 _a515.35
_bSIM/D
100 _aSimmons, George F
_93787
245 0 _aDifferential Equations :
_bTheory,Technique And Practice /
_cGeorge F Simmons ; Steven G Krantz
260 _bTata Mcgraw Hill Publishing Company Ltd,
_c2009.
_aNew Delhi:
300 _a534p
650 _aMathematics
942 _cBK
_2ddc
_h515.35
_iSIM/D
_k515.35
_mSIM/D
999 _c32358
_d32358